New Technologies in the Oil Fields

Salvato in:
Dettagli Bibliografici
Autore principale: Alsadoon, Saud Saker S.
Natura: Libro
Lingua:inglese
Pubblicazione: Bratislava STU FCHPT 2011
Accesso online:Visualizza in OPAC
Tags: Aggiungi Tag
Nessun Tag, puoi essere il primo ad aggiungerne!!

MARC

LEADER 00000nam a2200000 a 4500
005 20260127134054.0
008 110603 2011 xo 000 0 eng d
035 |a vtls010283442 
039 9 |y 201106031059  |z mschk03 
040 |a STUSCHK1  |b slo  |c STUSCHK1  |e AACR2 
100 1 |a Alsadoon, Saud Saker S. 
245 1 |a New Technologies in the Oil Fields  |c Saud Saker S. 
260 |a Bratislava  |b STU FCHPT  |c 2011 
300 |a 37 s.  |b il.  |c 30 cm 
500 |a Obháj.: 15.2. 2011 
500 |a Študijný program: engineering of chemical and environmental technologies 
500 |a Študijný odbor: 5.2.18 chemical technologies 
500 |a Bakalárska práca 
500 |a FCHPT, Oddelenie environmentálneho inžinierstva 
500 |a Evidenčné číslo: 62453 
910 |a SCHK95 
999 |c 3429  |d 3429